[Event "St-Chély d'Aubrac op"]
[Site "Saint-Chély d'Aubrac (12)"]
[Date "2008.07.13"]
[Round "1.1"]
[White "Sokolov, Andrei"]
[Black "Griggio, Jean-Paul"]
[Result "1-0"]
[WhiteElo "2561"]
[BlackElo "1798"]
[PlyCount "67"]
[EventDate "2008.07.??"]
[EventType "swiss"]
[EventRounds "9"]
[EventCountry "FRA"]

1. e4 Nf6 2. e5 Nd5 3. d4 d6 4. Nf3 Bg4 5. Be2 Nd7 6. h3 Bh5 7. c4 N5b6 8. e6
Nf6 9. Ng5 Bg6 10. exf7+ Bxf7 11. Nxf7 Kxf7 12. O-O e5 13. Be3 Nbd7 14. Nc3 Be7
15. Qb3 exd4 16. Bxd4 c5 17. Be3 Qb6 18. Qc2 Rhd8 19. Bd3 g6 20. Rae1 Re8 21.
f4 Kg7 22. g4 Qd8 23. b3 Nf8 24. Qg2 Qd7 25. g5 Nh5 26. Nd5 Bd8 27. Bd2 Rxe1
28. Rxe1 Kg8 29. Bc3 Ne6 30. Qg4 Nf8 31. Be4 Ng7 32. Nf6+ Bxf6 33. Bd5+ Nge6
34. Rxe6 1-0

[Event "St-Chély d'Aubrac op"]
[Site "Saint-Chély d'Aubrac (12)"]
[Date "2008.07.13"]
[Round "1.2"]
[White "Paris, Yannick"]
[Black "Degraeve, Jean-Marc"]
[Result "0-1"]
[WhiteElo "1793"]
[BlackElo "2523"]
[PlyCount "26"]
[EventDate "2008.07.??"]
[EventType "swiss"]
[EventRounds "9"]
[EventCountry "FRA"]

1. e4 Nf6 2. e5 Nd5 3. d4 d6 4. c4 Nb6 5. f4 dxe5 6. fxe5 Nc6 7. Be3 Bf5 8. Nc3
e6 9. Be2 Qd7 10. Qd2 O-O-O 11. O-O-O Bb4 12. a3 Na5 13. Qe1 Nb3# 0-1

[Event "St-Chély d'Aubrac op"]
[Site "Saint-Chély d'Aubrac (12)"]
[Date "2008.07.13"]
[Round "1.3"]
[White "Riff, Jean-Noel"]
[Black "Saucey, Capucine"]
[Result "1-0"]
[WhiteElo "2481"]
[BlackElo "1770"]
[PlyCount "49"]
[EventDate "2008.07.??"]
[EventType "swiss"]
[EventRounds "9"]
[EventCountry "FRA"]

1. e4 e5 2. Nf3 Nc6 3. Bb5 a6 4. Ba4 Nf6 5. O-O Be7 6. Re1 b5 7. Bb3 O-O 8. c3
d5 9. d4 dxe4 10. Nxe5 Nxe5 11. dxe5 Qxd1 12. Bxd1 Nd5 13. Rxe4 Bf5 14. Re1
Rad8 15. Bf3 b4 16. c4 Nb6 17. Nd2 Rd4 18. b3 Rfd8 19. Nf1 g5 20. Be3 R4d7 21.
Ng3 Bg6 22. Bg4 Rd3 23. Nf5 Bxf5 24. Bxf5 Rc3 25. Rad1 1-0

[Event "St-Chély d'Aubrac op"]
[Site "Saint-Chély d'Aubrac (12)"]
[Date "2008.07.13"]
[Round "1.4"]
[White "Mourgues, Joelle"]
[Black "Karpatchev, Aleksandr"]
[Result "0-1"]
[WhiteElo "1767"]
[BlackElo "2460"]
[PlyCount "60"]
[EventDate "2008.07.??"]
[EventType "swiss"]
[EventRounds "9"]
[EventCountry "FRA"]

1. Nf3 d5 2. d3 Nc6 3. g3 g6 4. Bg2 Bg7 5. c3 a5 6. a4 e5 7. O-O Nge7 8. e4 O-O
9. Qe2 h6 10. Na3 Be6 11. exd5 Bxd5 12. Nc4 Re8 13. Be3 Nf5 14. Ncd2 Qd7 15.
Ne4 b6 16. Nfd2 Rad8 17. Nc4 Be6 18. Rfd1 Kh8 19. Nxb6 cxb6 20. Bxb6 Rb8 21.
Nc5 Qc8 22. Nxe6 Rxe6 23. Bxc6 Rxb6 24. Bd5 Re7 25. c4 Nd4 26. Qe1 Rxb2 27.
Qxa5 e4 28. Qa8 Rb8 29. Qa5 Qh3 30. Bxe4 Rxe4 0-1

[Event "St-Chély d'Aubrac op"]
[Site "Saint-Chély d'Aubrac (12)"]
[Date "2008.07.13"]
[Round "1.5"]
[White "Saucey, Michel"]
[Black "Griggio, Julie"]
[Result "1-0"]
[WhiteElo "2348"]
[BlackElo "1760"]
[PlyCount "47"]
[EventDate "2008.07.??"]
[EventType "swiss"]
[EventRounds "9"]
[EventCountry "FRA"]

1. d4 Nf6 2. c4 g6 3. Nc3 Bg7 4. Nf3 O-O 5. g3 d6 6. Bg2 Nbd7 7. O-O e5 8. e4
a5 9. h3 h6 10. Be3 Nh7 11. Qd2 g5 12. Rad1 f5 13. exf5 Rxf5 14. dxe5 Nxe5 15.
Nxe5 Bxe5 16. Bd4 Bxd4 17. Qxd4 Rb8 18. c5 Be6 19. Rfe1 Nf8 20. cxd6 Qxd6 21.
Qa7 Qb6 22. Qxb8 Qxf2+ 23. Kh2 Rf3 24. Ne4 1-0

[Event "St-Chély d'Aubrac op"]
[Site "Saint-Chély d'Aubrac (12)"]
[Date "2008.07.13"]
[Round "1.6"]
[White "Barillet, Lucien"]
[Black "Muller, Anne"]
[Result "0-1"]
[WhiteElo "1750"]
[BlackElo "2179"]
[PlyCount "86"]
[EventDate "2008.07.??"]
[EventType "swiss"]
[EventRounds "9"]
[EventCountry "FRA"]

1. c4 e5 2. Nc3 Nf6 3. Nf3 Nc6 4. g3 d5 5. cxd5 Nxd5 6. Bg2 Nb6 7. a3 Be7 8. d3
O-O 9. O-O Re8 10. b4 a5 11. b5 Nd4 12. Nxe5 Bf6 13. f4 Bxe5 14. fxe5 Rxe5 15.
Bf4 Re8 16. a4 Bg4 17. Rf2 Rb8 18. Rc1 Qe7 19. Ne4 Nd5 20. Bd2 b6 21. Rc4 Qe5
22. Qf1 Bh5 23. Bf4 Nxf4 24. gxf4 Qe7 25. Rxd4 f5 26. Nc3 (26. Ng3 $142) 26...
Bf7 27. Bc6 Rf8 28. Rd7 Qc5 29. Nd5 Be6 30. Ne7+ Kh8 31. Rxc7 Qd6 32. Ng6+ hxg6
33. Qh3+ Kg8 34. Qg2 Qxc7 35. d4 Bf7 36. e3 Rbd8 37. Rc2 Qe7 38. d5 Qxe3+ 39.
Kf1 Qxf4+ 40. Rf2 Qc1+ 41. Ke2 Rfe8+ 42. Bxe8 Rxe8+ 43. Kd3 Re3+ 0-1

[Event "St-Chély d'Aubrac op"]
[Site "Saint-Chély d'Aubrac (12)"]
[Date "2008.07.13"]
[Round "1.7"]
[White "Furrer, Marc"]
[Black "Manser, Lucas"]
[Result "1-0"]
[WhiteElo "2121"]
[BlackElo "1740"]
[PlyCount "68"]
[EventDate "2008.07.??"]
[EventType "swiss"]
[EventRounds "9"]
[EventCountry "FRA"]

1. e4 c5 2. Nf3 Nc6 3. d4 cxd4 4. Nxd4 g6 5. Nc3 Bg7 6. Be3 Nf6 7. Nb3 O-O 8.
h3 d6 9. Qd2 Bd7 10. g4 Qc7 11. g5 Ne8 12. Nd5 Qd8 13. c4 Nc7 14. f4 Rc8 15.
Be2 Rb8 16. a4 b6 17. Ra3 Na6 18. Nc1 Nc5 19. Bf3 Na5 20. Qc2 Nc6 21. b4 Nb7
22. Nd3 Nd4 23. Bxd4 Bxd4 24. h4 e6 25. Nc3 Rc8 26. Nb2 Qe7 27. Qd2 Bg7 28. O-O
Bc6 29. f5 exf5 30. exf5 Bxf3 31. Rxf3 Qe5 32. f6 Bh8 33. Nd5 Rfe8 34. Rae3
Qxe3+ 1-0

[Event "St-Chély d'Aubrac op"]
[Site "Saint-Chély d'Aubrac (12)"]
[Date "2008.07.13"]
[Round "1.8"]
[White "Martinez, Loic"]
[Black "Netzer, Jacques"]
[Result "0-1"]
[WhiteElo "1737"]
[BlackElo "2116"]
[PlyCount "58"]
[EventDate "2008.07.??"]
[EventType "swiss"]
[EventRounds "9"]
[EventCountry "FRA"]

1. e4 c5 2. Nf3 e6 3. d4 cxd4 4. Nxd4 Nc6 5. c4 Nf6 6. Nc3 Bb4 7. Ndb5 Nxe4 8.
Qg4 Nxc3 9. bxc3 Qf6 10. Nc7+ Kf8 11. cxb4 Qxa1 12. Qg5 Rb8 13. Be2 f6 14. Qc5+
Kf7 15. O-O Qe5 16. Qxe5 Nxe5 17. Nb5 d5 18. Nd6+ Ke7 19. c5 Nf7 20. Bf4 e5 21.
Nxf7 Kxf7 22. Bg3 h5 23. h3 h4 24. Bh2 Bf5 25. Rd1 Rbd8 26. Bb5 d4 27. c6 bxc6
28. Bxc6 d3 29. b5 d2 0-1

[Event "St-Chély d'Aubrac op"]
[Site "Saint-Chély d'Aubrac (12)"]
[Date "2008.07.13"]
[Round "1.9"]
[White "Nass, Emile"]
[Black "Messinger, Karl"]
[Result "1-0"]
[WhiteElo "2105"]
[BlackElo "1703"]
[PlyCount "97"]
[EventDate "2008.07.??"]
[EventType "swiss"]
[EventRounds "9"]
[EventCountry "FRA"]

1. Nf3 Nf6 2. g3 g6 3. Bg2 Bg7 4. O-O O-O 5. d4 d5 6. c4 dxc4 7. Na3 Nc6 8.
Nxc4 Be6 9. b3 Bd5 10. Bb2 Re8 11. e3 Ne4 12. Nfe5 Nxe5 13. Nxe5 Nf6 14. f3 Nd7
15. Nd3 b6 16. Rc1 Bb7 17. e4 c5 18. d5 Bxb2 19. Nxb2 Qc7 20. Qd2 Ba6 21. Rfd1
Rad8 22. f4 Nf6 23. Qc3 Qd7 24. e5 Nh5 25. Nc4 Bxc4 26. Qxc4 Ng7 27. a4 Nf5 28.
Bh3 e6 29. Bxf5 gxf5 30. d6 Qc6 31. b4 Qxa4 32. bxc5 Qxc4 33. Rxc4 bxc5 34.
Rxc5 Rd7 35. Rc7 Red8 36. Ra1 a5 37. Rxd7 Rxd7 38. Rxa5 Kg7 39. Kf2 f6 40. Rc5
Kf8 41. Rc7 Ke8 42. Ke3 fxe5 43. Rxd7 exf4+ 44. Kxf4 Kxd7 45. Ke5 h6 46. h3 h5
47. h4 f4 48. gxf4 Ke8 49. Kxe6 1-0

[Event "St-Chély d'Aubrac op"]
[Site "Saint-Chély d'Aubrac (12)"]
[Date "2008.07.13"]
[Round "1.10"]
[White "Mayet, Lucas"]
[Black "Tanguy, Fabien"]
[Result "1-0"]
[WhiteElo "1695"]
[BlackElo "2062"]
[PlyCount "121"]
[EventDate "2008.07.??"]
[EventType "swiss"]
[EventRounds "9"]
[EventCountry "FRA"]

1. d4 g6 2. c4 Bg7 3. Nc3 Nf6 4. Nf3 c6 5. e4 d6 6. Be2 O-O 7. O-O a6 8. a4 Qc7
9. Bf4 Nh5 10. Be3 Bg4 11. h3 Bxf3 12. Bxf3 Nf6 13. Rc1 Nbd7 14. d5 c5 15. b3
Ne5 16. Be2 Rad8 17. Qc2 Kh8 18. f4 Ned7 19. Rfd1 Ng8 20. Rb1 f5 21. exf5 Rxf5
22. Bg4 Rff8 23. Be6 Nh6 24. Ne4 Nf5 25. Bf2 Nd4 26. Bxd4 Bxd4+ 27. Kh1 Rxf4
28. Bxd7 Qxd7 29. Ng5 Rb8 30. Ne6 Rh4 31. Nxd4 cxd4 32. Rd3 Rf8 33. Rbd1 Rff4
34. Qe2 Re4 35. Qf2 Rhf4 36. Rf3 Qf5 37. Rxf4 Rxf4 38. Qe2 Qe5 39. Qxe5+ dxe5
40. c5 Rf6 41. b4 Kg8 42. b5 Kf8 43. c6 bxc6 44. b6 cxd5 45. Rb1 Rxb6 46. Rxb6
d3 47. Rb2 Kf7 48. Kg1 Kf6 49. Kf2 e4 50. Ke3 Ke5 51. Rb4 h5 52. a5 Kf5 53. g3
e5 54. Rb6 d4+ 55. Kd2 g5 56. Rxa6 h4 57. gxh4 gxh4 58. Rd6 Kf4 59. a6 Kf3 60.
Rf6+ Kg3 61. a7 1-0

[Event "St-Chély d'Aubrac op"]
[Site "Saint-Chély d'Aubrac (12)"]
[Date "2008.07.13"]
[Round "1.11"]
[White "Lagunes, Jean-Renaud"]
[Black "Cuq, Christian"]
[Result "1-0"]
[WhiteElo "2047"]
[BlackElo "1680"]
[PlyCount "39"]
[EventDate "2008.07.??"]
[EventType "swiss"]
[EventRounds "9"]
[EventCountry "FRA"]

1. e4 d5 2. exd5 Qxd5 3. Nc3 Qa5 4. d4 Bf5 5. Nf3 e6 6. Bd2 c6 7. Bc4 Nf6 8.
Nd5 Qd8 9. Nxf6+ Qxf6 10. Qe2 Nd7 11. O-O-O Nb6 12. h4 Bg4 13. d5 Nxc4 14. Qxc4
Bxf3 15. gxf3 Qxf3 16. dxe6 f6 17. e7 Bxe7 18. Rhe1 Qd5 19. Rxe7+ Kxe7 20. Bb4+
1-0

[Event "St-Chély d'Aubrac op"]
[Site "Saint-Chély d'Aubrac (12)"]
[Date "2008.07.13"]
[Round "1.13"]
[White "Desboeufs, Alexandre"]
[Black "Stepenko, Roman"]
[Result "1-0"]
[WhiteElo "2026"]
[BlackElo "1580"]
[PlyCount "99"]
[EventDate "2008.07.??"]
[EventType "swiss"]
[EventRounds "9"]
[EventCountry "FRA"]

1. e4 c5 2. Nc3 Nc6 3. g3 g6 4. Bg2 Bg7 5. f4 d6 6. Nf3 Nf6 7. O-O O-O 8. d3
Bd7 9. h3 a6 10. Bd2 Rb8 11. Qe1 b5 12. a3 a5 13. g4 b4 14. Nd1 Ne8 15. c3 Nc7
16. f5 e6 17. fxg6 hxg6 18. Ng5 Bh6 19. Qh4 Kg7 20. Nxe6+ Nxe6 21. Bxh6+ Kg8
22. Qf2 Ng7 23. Qf6 Qxf6 24. Rxf6 Kh7 25. Bxg7 Kxg7 26. Rxd6 Be8 27. axb4 axb4
28. Rd5 bxc3 29. bxc3 Rb5 30. d4 Na5 31. Ne3 Nb3 32. Ra3 cxd4 33. Rxb5 Bxb5 34.
Rxb3 Ba4 35. Rb4 dxe3 36. Rxa4 Rd8 37. Ra1 e2 38. Re1 Rd3 39. Rxe2 Rxc3 40. e5
Rc5 41. Kf2 Kf8 42. Kf3 g5 43. Ke4 Rc6 44. Kf5 Rg6 45. e6 Rxe6 46. Rxe6 fxe6+
47. Kxg5 Kf7 48. Be4 Kg7 49. Bg6 e5 50. Be4 1-0

[Event "St-Chély d'Aubrac op"]
[Site "Saint-Chély d'Aubrac (12)"]
[Date "2008.07.13"]
[Round "1.14"]
[White "Desboeufs, Claude"]
[Black "Duffau, Pascal"]
[Result "0-1"]
[WhiteElo "1564"]
[BlackElo "2019"]
[PlyCount "88"]
[EventDate "2008.07.??"]
[EventType "swiss"]
[EventRounds "9"]
[EventCountry "FRA"]

1. c4 e6 2. Nc3 d5 3. cxd5 exd5 4. d4 Nf6 5. Nf3 Be7 6. g3 O-O 7. Bg2 c6 8. O-O
Nbd7 9. Bf4 Re8 10. Re1 a5 11. Ne5 Nf8 12. a4 Ne6 13. Bc1 Qc7 14. f4 Bf8 15. e3
g6 16. Bf3 Ng7 17. g4 Be6 18. h4 Rad8 19. h5 gxh5 20. gxh5 Kh8 21. Kf2 Qe7 22.
Rh1 Nf5 23. b3 Qc7 24. Ng4 Nxg4+ 25. Bxg4 Nd6 26. Qf3 Bf5 27. Bxf5 Nxf5 28. Bd2
Bb4 29. Rae1 Rg8 30. Rhg1 Qe7 31. Qh3 Qf6 32. Rxg8+ Rxg8 33. Rg1 Nd6 34. Rxg8+
Kxg8 35. Qg4+ Qg7 36. Qxg7+ Kxg7 37. Be1 Bxc3 38. Bxc3 Ne4+ 39. Kf3 Nxc3 40.
Kg4 Kf6 41. h6 Ne4 42. f5 Nd2 43. e4 Nxe4 44. Kf4 Nd6 0-1

[Event "St-Chély d'Aubrac op"]
[Site "Saint-Chély d'Aubrac (12)"]
[Date "2008.07.13"]
[Round "1.15"]
[White "Muheim, Sebastien"]
[Black "Roignot, Vincent"]
[Result "1-0"]
[WhiteElo "2013"]
[BlackElo "1540"]
[PlyCount "79"]
[EventDate "2008.07.??"]
[EventType "swiss"]
[EventRounds "9"]
[EventCountry "FRA"]

1. d4 d5 2. c4 Nf6 3. Nc3 e6 4. cxd5 Nxd5 5. e4 Nxc3 6. bxc3 Be7 7. Bd3 Nc6 8.
Ne2 O-O 9. O-O Bg5 10. f4 Be7 11. Bc2 b6 12. Qd3 Bb7 13. g4 Bd6 14. e5 Qh4 15.
exd6 Qxg4+ 16. Kf2 Qh4+ 17. Qg3 Qxg3+ 18. hxg3 cxd6 19. Bd3 Rac8 20. Bb2 Ne7
21. Rac1 Nd5 22. Ba3 Rfd8 23. Be4 Rc7 24. c4 Nxf4 25. Bxh7+ Kxh7 26. gxf4 Ba6
27. Rh1+ Kg8 28. Rc3 Rxc4 29. Rch3 Kf8 30. Rc3 Rxc3 31. Nxc3 Ke7 32. Ne4 Bc4
33. Rc1 Bxa2 34. Nxd6 Kf6 35. Rc7 Ra8 36. Rxf7+ Kg6 37. Re7 a6 38. Ne8 Kf5 39.
Ke3 Rc8 40. Nd6+ 1-0

[Event "St-Chély d'Aubrac op"]
[Site "Saint-Chély d'Aubrac (12)"]
[Date "2008.07.13"]
[Round "1.16"]
[White "Veys, Vincent"]
[Black "Baeumlin, Francois"]
[Result "0-1"]
[WhiteElo "1530"]
[BlackElo "1995"]
[PlyCount "80"]
[EventDate "2008.07.??"]
[EventType "swiss"]
[EventRounds "9"]
[EventCountry "FRA"]

1. e4 c5 2. Nf3 Nc6 3. Bb5 g6 4. O-O Bg7 5. d3 d6 6. Re1 Bd7 7. Nc3 Nf6 8. Be3
Ng4 9. Bd2 O-O 10. h3 Nf6 11. Qc1 Nd4 12. Bxd7 Nxf3+ 13. gxf3 Qxd7 14. Kh2 e5
15. Bh6 Nh5 16. Bxg7 Nxg7 17. Nd5 f5 18. Qg5 fxe4 19. Nf6+ Rxf6 20. Qxf6 Rf8
21. Qg5 Rxf3 22. Qg2 Qf7 23. Re2 Nf5 24. Kg1 Nh4 25. Qg4 Rf4 26. Qc8+ Kg7 27.
dxe4 Qe7 28. Re3 Nf3+ 29. Kh1 Nd4 30. Rf1 Nxc2 31. Rb3 b6 32. Qa8 Qf7 33. Kg1
Nd4 34. Ra3 a5 35. Qa6 Nf3+ 36. Kg2 Nd2 37. Rd1 Rxf2+ 38. Kg1 Qf4 39. Qb7+ Kh6
40. Re1 Qh2# 0-1

[Event "St-Chély d'Aubrac op"]
[Site "Saint-Chély d'Aubrac (12)"]
[Date "2008.07.13"]
[Round "1.17"]
[White "Kiecken, Jean-Marc"]
[Black "Marie, Olivier"]
[Result "1/2-1/2"]
[WhiteElo "1978"]
[BlackElo "1520"]
[PlyCount "70"]
[EventDate "2008.07.??"]
[EventType "swiss"]
[EventRounds "9"]
[EventCountry "FRA"]

1. Nf3 d6 2. d4 g6 3. e4 Bg7 4. Be2 Nf6 5. Nc3 O-O 6. O-O a5 7. Bg5 c6 8. a4
Na6 9. Nd2 b6 10. f4 Qc7 11. f5 Nb4 12. fxg6 fxg6 13. Bf3 Ba6 14. Re1 e5 15.
Nb3 Bc4 16. Be3 Nd7 17. d5 Bxb3 18. cxb3 Nc5 19. dxc6 Qxc6 20. Nd5 Nxd5 21.
exd5 Qb7 22. Be2 Rf7 23. Bb5 Raf8 24. Bc6 Qe7 25. Rc1 Qh4 26. g3 Qb4 27. Bxc5
bxc5 28. Rc4 Qb6 29. Bb5 Rf2 30. Qg4 R8f5 31. Bd7 Qxb3 32. Bxf5 gxf5 33. Qh4
Qxb2 34. Qd8+ Bf8 35. Qg5+ Bg7 1/2-1/2

[Event "St-Chély d'Aubrac op"]
[Site "Saint-Chély d'Aubrac (12)"]
[Date "2008.07.13"]
[Round "1.18"]
[White "Seewer, Kevin"]
[Black "Guillaumat, Jean-Pierre"]
[Result "0-1"]
[WhiteElo "1399"]
[BlackElo "1969"]
[PlyCount "76"]
[EventDate "2008.07.??"]
[EventType "swiss"]
[EventRounds "9"]
[EventCountry "FRA"]

1. d4 d5 2. Nf3 Nf6 3. e3 Nbd7 4. Be2 e6 5. O-O Be7 6. Nbd2 c5 7. c4 O-O 8. b3
cxd4 9. exd4 Qc7 10. Bb2 b6 11. Rc1 Qf4 12. g3 Qh6 13. Ne5 Nxe5 14. dxe5 Nd7
15. cxd5 exd5 16. Bf3 Ba6 17. Re1 Nc5 18. Be2 Bxe2 19. Qxe2 Qg6 20. Rc3 d4 21.
Rf3 d3 22. Qd1 Bg5 23. Bc3 Rac8 24. b4 Bxd2 25. Bxd2 Ne6 26. Ree3 Ng5 27. Rxd3
Nxf3+ 28. Qxf3 Rcd8 29. Rxd8 Rxd8 30. h4 Qb1+ 31. Kh2 Qxa2 32. Bg5 Re8 33. Kg2
Qe6 34. Bf4 f6 35. exf6 Qxf6 36. Qd5+ Qf7 37. Qc6 Qe6 38. Qb7 Qe4+ 0-1

[Event "St-Chély d'Aubrac op"]
[Site "Saint-Chély d'Aubrac (12)"]
[Date "2008.07.13"]
[Round "1.19"]
[White "Carno, Matthias"]
[Black "Causse, Michel"]
[Result "1-0"]
[WhiteElo "1956"]
[BlackElo "1380"]
[PlyCount "75"]
[EventDate "2008.07.??"]
[EventType "swiss"]
[EventRounds "9"]
[EventCountry "FRA"]

1. e4 c6 2. d4 d5 3. exd5 cxd5 4. g3 Nf6 5. Bg2 Bf5 6. Nf3 Nc6 7. O-O e6 8. Re1
Be7 9. a3 O-O 10. b3 Re8 11. c4 b6 12. Ne5 Rc8 13. b4 Nxe5 14. dxe5 Nd7 15.
cxd5 exd5 16. Bxd5 Be6 17. Bb2 b5 18. Nc3 a6 19. Qb3 Nf8 20. Rad1 Qc7 21. Ne4
Bxd5 22. Rxd5 Qc4 23. Qd1 Qc6 24. Re3 Rcd8 25. Nd6 Ne6 26. Red3 Rf8 27. Nf5 Qe8
28. Rd7 Bg5 29. f4 Rxd7 30. Rxd7 Bd8 31. Qd6 Kh8 32. Bd4 Nxd4 33. Nxd4 Bb6 34.
Kf1 Bxd4 35. Qxd4 Qa8 36. Kg1 h6 37. e6 fxe6 38. Qxg7# 1-0

[Event "St-Chély d'Aubrac op"]
[Site "Saint-Chély d'Aubrac (12)"]
[Date "2008.07.13"]
[Round "1.20"]
[White "Meyer, Bernard"]
[Black "Huin, Eric"]
[Result "0-1"]
[WhiteElo "1370"]
[BlackElo "1956"]
[PlyCount "84"]
[EventDate "2008.07.??"]
[EventType "swiss"]
[EventRounds "9"]
[EventCountry "FRA"]

1. d4 Nf6 2. c4 g6 3. Nc3 Bg7 4. Nf3 d6 5. e4 O-O 6. Be2 e5 7. d5 Nbd7 8. Bg5
h6 9. Bh4 a5 10. O-O Nc5 11. Re1 g5 12. Nxg5 hxg5 13. Bxg5 Qd7 14. Bxf6 Bxf6
15. h3 Qe7 16. Bg4 Bg7 17. Bxc8 Raxc8 18. Qg4 Qf6 19. Re3 Qf4 20. Qh5 Qh6 21.
Qg4 Qg6 22. Qe2 f5 23. Rg3 Qh7 24. Re1 f4 25. Rg4 Rf6 26. Qf3 Rcf8 27. Nb5 Na6
28. a3 Rg6 29. b4 axb4 30. axb4 Qh5 31. Rxg6 Qxg6 32. Nxc7 Nxc7 33. c5 Nb5 34.
c6 bxc6 35. dxc6 Nd4 36. Qc3 f3 37. g3 Ne2+ 38. Rxe2 fxe2 39. Qc4+ Qf7 40. Qxe2
Qf3 41. Qc2 Ra8 42. Qb1 Qc3 0-1

[Event "St-Chély d'Aubrac op"]
[Site "Saint-Chély d'Aubrac (12)"]
[Date "2008.07.13"]
[Round "1.21"]
[White "Moulie, Patrick"]
[Black "Rateau, Cyprien"]
[Result "1-0"]
[WhiteElo "1930"]
[BlackElo "1340"]
[PlyCount "97"]
[EventDate "2008.07.??"]
[EventType "swiss"]
[EventRounds "9"]
[EventCountry "FRA"]

1. e4 e5 2. f4 d6 3. Nf3 Nc6 4. Bc4 Be7 5. O-O Bg4 6. c3 Nf6 7. d3 O-O 8. h3
Bxf3 9. Qxf3 Qd7 10. f5 Rad8 11. g4 d5 12. Bb5 a6 13. Ba4 d4 14. Bc2 g6 15. Bg5
Kh8 16. Nd2 Ng8 17. f6 Bc5 18. Nb3 Ba7 19. Kg2 h6 20. Bd2 Qe6 21. cxd4 Bxd4 22.
Bc3 Rd6 23. Bxd4 exd4 24. Nc5 Qxf6 25. Nxb7 Qxf3+ 26. Rxf3 Rf6 27. Raf1 Rxf3
28. Rxf3 f6 29. Bb3 Kg7 30. Nc5 Nd8 31. Nxa6 c6 32. Bc4 Ne7 33. b4 f5 34. e5
fxg4 35. hxg4 Rxf3 36. Kxf3 g5 37. Ke4 Kg6 38. Kxd4 h5 39. gxh5+ Kxh5 40. Ke3
g4 41. Kf2 Kh4 42. Kg2 Nf5 43. e6 g3 44. Nc5 Nxe6 45. Bxe6 Ne3+ 46. Kg1 g2 47.
Bc8 Kg3 48. Bb7 Nf1 49. Bxc6 1-0

[Event "St-Chély d'Aubrac op"]
[Site "Saint-Chély d'Aubrac (12)"]
[Date "2008.07.13"]
[Round "1.22"]
[White "Darnis, Lucas"]
[Black "Boulier, Rene"]
[Result "0-1"]
[WhiteElo "1310"]
[BlackElo "1924"]
[PlyCount "74"]
[EventDate "2008.07.??"]
[EventType "swiss"]
[EventRounds "9"]
[EventCountry "FRA"]

1. e4 e6 2. Nc3 Ne7 3. Nf3 d5 4. Bd3 d4 5. Ne2 c5 6. c3 Nbc6 7. cxd4 cxd4 8.
Bb5 a6 9. Bxc6+ Nxc6 10. O-O e5 11. Qc2 d3 12. Qd1 dxe2 13. Qxe2 Bg4 14. h3 Nd4
15. Qe3 Bxf3 16. gxf3 Qh4 17. b3 Qxh3 18. Re1 Nxf3+ 19. Qxf3 Qxf3 20. Re3 Qd1+
21. Kg2 Ba3 22. Rc3 Bxc1 23. Raxc1 Qg4+ 24. Rg3 Qxe4+ 25. f3 Qe2+ 26. Kh3 O-O
27. Rcg1 g6 28. R1g2 Qb5 29. d3 Qxd3 30. f4 Qf5+ 31. Kh2 exf4 32. Rf3 Qh5+ 33.
Kg1 Qxf3 34. Rf2 Qe3 35. Kg2 Rfd8 36. b4 Qg3+ 37. Kh1 Rd1+ 0-1

[Event "St-Chély d'Aubrac op"]
[Site "Saint-Chély d'Aubrac (12)"]
[Date "2008.07.13"]
[Round "1.23"]
[White "Rabier, Jean"]
[Black "Nusse, Melchior"]
[Result "0-1"]
[WhiteElo "1914"]
[BlackElo "1250"]
[PlyCount "53"]
[EventDate "2008.07.??"]
[EventType "swiss"]
[EventRounds "9"]
[EventCountry "FRA"]

1. e4 e5 2. Nf3 Nc6 3. Bb5 d6 4. d4 a6 5. Bxc6+ bxc6 6. dxe5 dxe5 7. Qxd8+ Kxd8
8. Nxe5 Be6 9. Nxc6+ Kc8 10. Be3 Kb7 11. Nd4 Nf6 12. Nxe6 fxe6 13. f3 Bd6 14.
Nd2 e5 15. O-O-O Bb4 16. Nc4 Nd7 17. Rxd7 Rhe8 18. Rhd1 Be7 19. R7d5 Bd6 20.
Nxd6+ cxd6 21. Rxd6 Rec8 22. Rb6+ Kc7 23. Re6 Rab8 24. Rxe5 Rd8 25. Re7+ Kc8
26. Rxd8+ Kxd8 27. Rxg7 0-1

[Event "St-Chély d'Aubrac op"]
[Site "Saint-Chély d'Aubrac (12)"]
[Date "2008.07.13"]
[Round "1.24"]
[White "Caparros, Nina"]
[Black "Joli, Laurent"]
[Result "0-1"]
[WhiteElo "1199"]
[BlackElo "1911"]
[PlyCount "76"]
[EventDate "2008.07.??"]
[EventType "swiss"]
[EventRounds "9"]
[EventCountry "FRA"]

1. e4 c5 2. Nf3 Nc6 3. d4 cxd4 4. Nxd4 d6 5. Bc4 e6 6. Nf3 Be7 7. Nc3 Nf6 8.
O-O O-O 9. Bg5 a6 10. a4 Nd7 11. Bxe7 Qxe7 12. Re1 Rd8 13. Qd2 Nf8 14. Rad1 Ng6
15. Nd5 exd5 16. exd5 Nce5 17. Nxe5 Nxe5 18. Qe3 Qf8 19. Bd3 Nxd3 20. Rxd3 Bf5
21. Rd2 Re8 22. Rde2 Rxe3 23. Rxe3 Bd7 24. a5 Re8 25. Rxe8 Bxe8 26. b4 Bb5 27.
Rc1 Qe8 28. h3 Qe2 29. g4 Qc4 30. f3 Qxd5 31. Kf2 Qd2+ 32. Kg3 Qxc1 33. h4 Qxc2
34. h5 f5 35. g5 Qd2 36. f4 Bc6 37. g6 Qg2+ 38. Kh4 Qg4# 0-1

[Event "St-Chély d'Aubrac op"]
[Site "Saint-Chély d'Aubrac (12)"]
[Date "2008.07.13"]
[Round "1.25"]
[White "Labarthe, Arnaud"]
[Black "Schneider, Alec"]
[Result "1-0"]
[WhiteElo "1899"]
[BlackElo "1199"]
[PlyCount "49"]
[EventDate "2008.07.??"]
[EventType "swiss"]
[EventRounds "9"]
[EventCountry "FRA"]

1. d4 d5 2. c4 e6 3. Nc3 Nf6 4. cxd5 exd5 5. Bg5 Be7 6. e3 Bf5 7. Bd3 Qd7 8.
Nge2 Nc6 9. O-O O-O 10. Rc1 Rfe8 11. Ng3 Bxd3 12. Qxd3 h6 13. Bxf6 Bxf6 14. Qb5
Rab8 15. Qxd5 Qe7 16. Nge4 Rbd8 17. Qb5 Rb8 18. a3 Nxd4 19. Nxf6+ Qxf6 20. exd4
Qxd4 21. Rcd1 Qe5 22. Qxe5 Rxe5 23. f4 Rc5 24. Rfe1 Rc6 25. Rd7 1-0

[Event "St-Chély d'Aubrac op"]
[Site "Saint-Chély d'Aubrac (12)"]
[Date "2008.07.13"]
[Round "1.26"]
[White "Schneider, Martin"]
[Black "Robert, Thierry"]
[Result "0-1"]
[WhiteElo "1199"]
[BlackElo "1862"]
[PlyCount "22"]
[EventDate "2008.07.??"]
[EventType "swiss"]
[EventRounds "9"]
[EventCountry "FRA"]

1. e4 e5 2. Bc4 Nc6 3. Nc3 Nf6 4. Nf3 Be7 5. O-O d6 6. Qe2 Bg4 7. d3 Nd4 8. Qe3
Bxf3 9. Qd2 Qd7 10. b3 Qg4 11. g3 Qh3 0-1

[Event "St-Chély d'Aubrac op"]
[Site "Saint-Chély d'Aubrac (12)"]
[Date "2008.07.13"]
[Round "1.27"]
[White "Lagunes, Robin"]
[Black "Muheim, Jane"]
[Result "1-0"]
[WhiteElo "1825"]
[BlackElo "1190"]
[PlyCount "67"]
[EventDate "2008.07.??"]
[EventType "swiss"]
[EventRounds "9"]
[EventCountry "FRA"]

1. e4 c6 2. d4 d5 3. Nc3 Nf6 4. Bd3 g6 5. Nf3 Bg7 6. Bg5 O-O 7. Qd2 a6 8. e5
Nh5 9. Bh6 f6 10. Bxg7 Nxg7 11. O-O-O Bg4 12. Qh6 Nf5 13. Bxf5 Bxf5 14. h4 Rf7
15. Rdg1 a5 16. h5 g5 17. Nd2 a4 18. g4 Qd7 19. gxf5 Qxf5 20. Rh2 Na6 21. Rhg2
Kh8 22. Ne2 Nb4 23. Kb1 Qxc2+ 24. Ka1 a3 25. Rb1 axb2+ 26. Rxb2 Qd1+ $4 (26...
Rxa2+ 27. Rxa2 Qxa2#) 27. Nb1 Nc2+ 28. Rxc2 Qxc2 29. Nec3 Ra6 30. exf6 Rb6 31.
f4 Qxg2 32. Na4 Rb4 33. fxe7 Rxe7 34. Qf8# 1-0

[Event "St-Chély d'Aubrac op"]
[Site "Saint-Chély d'Aubrac (12)"]
[Date "2008.07.13"]
[Round "1.28"]
[White "Colombo, Maceo"]
[Black "De Biasi, Robert"]
[Result "0-1"]
[WhiteElo "1099"]
[BlackElo "1799"]
[PlyCount "52"]
[EventDate "2008.07.??"]
[EventType "swiss"]
[EventRounds "9"]
[EventCountry "FRA"]

1. e4 c5 2. Nf3 d6 3. Bc4 Nf6 4. e5 d5 5. exf6 dxc4 6. fxg7 Bxg7 7. d4 cxd4 8.
c3 Nc6 9. cxd4 Nxd4 10. Qa4+ b5 11. Qb4 Nc2+ 12. Kf1 Nxb4 13. Nc3 Bxc3 14. g3
Qd3+ 15. Kg2 Bg7 16. Re1 Nc2 17. Ne5 Bb7+ 18. Kg1 Bxe5 19. Bf4 Nxe1 20. Bxe5
Nf3+ 21. Kg2 Nxe5+ 22. Kg1 Qf3 23. Kf1 Qh1+ 24. Ke2 Qxa1 25. f4 Qxb2+ 26. Ke3
Ng4# 0-1